000 00634nam a2200193 a 4500
001 BRCA_6075
005 20190320205326.0
008 170608s1999----mx-a---###---#000-0#spa-#
050 4 _aAM5
_b.S65 1999
100 1 _aSolís González, Alejandra
_915354
245 1 0 _aSistema modular de mobiliario museográfico para exposiciones temporales.
260 _aCiudad de México
_c1999
300 _a79 p.
_bil.
502 _aTesis Licenciatura (Licenciada en Diseño Industrial) Universidad Iberoamericana
650 1 4 _aMuseografía
_xMobiliario
_915355
650 1 4 _aMobiliario museográfico
_915356
902 _aTES
942 _2lcc
_cTES
999 _c5762
_d5762